000 01602nam0a22003131 4500
001 rc\3161335
005 20260408094951.0
021 _aRU
_b[76-78958]
035 _a(NLR Aleph) 007280219
090 _a5501454
_c5501454
100 _a20120615d1976 |||y0rusy50 ca
101 0 _arus
102 _aRU
105 _aa z |||||
200 1 _aИсследование длиннопериодных сейсмических волн
_eМатериалы симпозиума
_f[Ред. коллегия: канд. физ.-мат. наук З.И. Аранович и др.]
210 _aМинск
_cНаука и техника
_d1976
215 _a118 с.
_cил.
_d26
300 _aВ надзаг: АН БССР, Межвед. совет по сейсмологии и сейсмостойкому стр-ву при Президиуме АН СССР, Ин-т геохимии и геофизики АН БССР
320 _aСписки лит. в конце докл.
606 _aСейсмические волны
_jСборники
_2psbo
702 1 _aАранович
_bЗ.И.
_4340
712 0 2 _4570
_aИнститут геохимии и геофизики
_cМинск
_3RU\NLR\AUTH\889017
_9290543
712 1 2 _4570
_aВсесоюзный симпозиум по исследованию длиннопериодных сейсмических волн
_d2
_f1974
_eпос. Плещенцы, (Минская обл.)
_3RU\NLR\AUTH\8810236209
_9357697
801 0 _aRU
_bNLR
_gpsbo
801 1 _aRU
_bELAR
_2rusmarc
852 _aNLR
_j77-7/376
942 _cBOOK
980 _aNB